000 01168nam0a22002891 4500
001 rc\2776087
005 20250810045545.0
035 _a(NLR Aleph) 006902377
090 _a7261116
_c7261116
100 _a20110915d1941 u y0rusy50 ca
101 0 _arus
102 _aRU
105 _aa z |||||
200 1 _aЭкспериментальные основы фармакологии и токсикологии
_eПракт. руководство
_fМ. П. Николаев, проф. I моск. ордена Ленина мед. ин-та
210 _aМосква
_aЛенинград
_cМедгиз
_d1941
_eЛенинград
215 _a196 с.
_cил.
_d22 см.
320 _aБиблиогр.: с. 189-90
320 _aПредм. указатель: с. 191-4
700 1 _aНиколаев
_bМ. П.
_cученый-фармаколог
_f1893-1949
_gМихаил Петрович
_9227470
_3RU\NLR\AUTH\770227526
801 0 _aRU
_bNLR
_gpsbo
801 1 _aRU
_bELAR
_2rusmarc
852 _aNLR
_jМд16 Г-5/4
942 _cBOOK
945 _aРоссийская национальная библиотека
980 _aNB
980 _aBV